000 01151nam a22003017a 4500
005 20121101113730.0
008 121101t xxu||||| |||| 00| 0 eng d
010 _aENG-106151
020 _a9781259028724
_c225.00
020 _a1259028720
_c225.00
035 _aEN-89684
037 _bDBAD/PUB
040 _aDPL
_bEng
082 0 0 _a808.06665
_223
100 1 _aFitzGerald, Suzanne Sparks.
_953490
245 1 0 _aManager's guide to business writing /
_cby Suzanne Sparks FitzGerald
250 _a2nd ed
260 _aNew Delhi
_bTata McGraw-Hill
_cc2011
270 _a7 West Patel Nagar
_bNew Delhi
_e110008
300 _axiii,176p. :
_bill.
_c23cm(pbk)
490 1 _aA briefcase book
_953491
500 _aIncludes index
650 0 _aBusiness writing
_953492
830 0 _aBriefcase book.
_953493
942 _2ddc
_cEN
_h808.06665
_mFIT
999 _c71194
_d71194